Оценка производительности сигнализации в мобильных сетях стандарта GSM; Наукоемкие технологии; № 3

Bibliografiske detaljer
Parent link:Наукоемкие технологии: научно-технический журнал.— , 2001-
№ 3.— 2003.— С. 80-85
Hovedforfatter: Богомолова Н. Е.
Sprog:russisk
Udgivet: 2003
Serier:Цифровые сети связи и распределение информации
Fag:
Format: MixedMaterials Book Chapter
KOHA link:https://koha.lib.tpu.ru/cgi-bin/koha/opac-detail.pl?biblionumber=386278

MARC

LEADER 00000naa2a2200000 4500
001 386278
005 20231101063448.0
035 |a (RuTPU)RU\TPU\prd\14927 
090 |a 386278 
100 |a 20030609a2003 k y0rusy50 ca 
101 0 |a rus 
102 |a RU 
200 1 |a Оценка производительности сигнализации в мобильных сетях стандарта GSM  |f Н. Е. Богомолова 
225 1 |a Цифровые сети связи и распределение информации 
320 |a Библиогр.: 5 назв. 
461 1 |0 (RuTPU)RU\TPU\prd\1139  |t Наукоемкие технологии  |o  научно-технический журнал  |d 2001- 
463 1 |0 (RuTPU)RU\TPU\prd\14826  |t № 3  |v С. 80-85  |d 2003 
610 1 |a мобильная связь 
610 1 |a стандарты GSM 
610 1 |a сигнализация 
610 1 |a производительность 
610 1 |a абонентские линии 
610 1 |a дополнительные услуги 
610 1 |a информационная нагрузка 
675 |a 621.395  |v 3 
700 1 |a Богомолова  |b Н. Е. 
801 1 |a RU  |b 63413507  |c 20030609  |g PSBO 
942 |c BK